Vista normal Vista MARC

Entrada Personal Name

Número de registros utilizados en: 1

001 - CONTROL NUMBER

  • control field: 5940

003 - CONTROL NUMBER IDENTIFIER

  • control field: OSt

005 - DATE AND TIME OF LATEST TRANSACTION

  • control field: 20200621010331.0

008 - FIXED-LENGTH DATA ELEMENTS

  • fixed length control field: 200621|| aca||aabn | a|a d

040 ## - CATALOGING SOURCE

  • Original cataloging agency: OSt
  • Transcribing agency: OSt

100 ## - HEADING--PERSONAL NAME

  • Personal name: Mayorga L., Roberto,

670 ## - SOURCE DATA FOUND

  • Source citation: Work cat.: (OSt)5664: Mayorga L., Roberto, autor, Aspectos normativos de la inversión extranjera : , 1998